Methods in plant biochemistry and molecular biology (Record no. 93063)

MARC details
000 -LEADER
fixed length control field 00378nam a2200145Ia 4500
008 - FIXED-LENGTH DATA ELEMENTS--GENERAL INFORMATION
fixed length control field 230917s9999||||xx |||||||||||||| ||und||
040 ## - CATALOGING SOURCE
-- 71865
Original cataloging agency VIVEKANANDA LIBRARY
041 ## - Language
-- English
082 ## - DDC NUMBER
Classification number 581.192 M565M
100 ## - MAIN ENTRY--PERSONAL NAME
Personal name Dashek, William V
245 #0 - TITLE STATEMENT
Title Methods in plant biochemistry and molecular biology
260 ## - PUBLICATION, DISTRIBUTION, ETC. (IMPRINT)
Place of publication, distribution, etc New York
Name of publisher, distributor, etc C R S Press
Date of publication, distribution, etc 1977
300 ## - PHYSICAL DESCRIPTION
Pages 457 p.
942 ## - ADDED ENTRY ELEMENTS (KOHA)
Koha item type Books
Holdings
Withdrawn status Lost status Damaged status Not for loan Location (home branch) Sublocation or collection (holding branch) Date acquired Koha issues (times borrowed) Koha full call number Accession No. Koha date last seen Koha item type
        VIVEKANANDA LIBRARY VIVEKANANDA LIBRARY 05/02/2003   581.192 M565M 174354 17/09/2023 Books
© Designed and Maintained by Vivekananda Library, MDU Rohtak